书目信息 |
| 题名: |
弗洛伊德的美学
|
|
| 作者: | 斯佩克特 著 ;高建平 译 | |
| 分册: | ||
| 出版信息: | 成都 四川人民出版社 2006 |
|
| 页数: | 309页 | |
| 开本: | 21cm | |
| 丛书名: | 美学·设计·艺术教育丛书 | |
| 单 册: | ||
| 中图分类: | B83-069 | |
| 科图分类: | ||
| 主题词: | 精神分析 , 艺术美 | |
| 电子资源: | ||
| ISBN: | 7-220-07109-4 | |
| 000 | 01317oam2 2200325 450 | |
| 001 | 1553697595 | |
| 005 | 20150120110359.17 | |
| 010 | @a7-220-07109-4@dCNY23.00 | |
| 100 | @a20060104d2006 em y0chiy50 ea | |
| 101 | 1 | @achi@ceng |
| 102 | @aCN@b510000 | |
| 105 | @aa z 000yy | |
| 200 | 1 | @a弗洛伊德的美学@9fu luo yi de de mei xue@e艺术研究中的精神分析法@dThe aesthetics of Freud@ea study in psychoanalysis and art@f(美)斯佩克特(Jack J. Spector)著@g高建平译@zeng |
| 210 | @a成都@c四川人民出版社@d2006 | |
| 215 | @a309页@c图@d21cm | |
| 225 | 2 | @a美学·设计·艺术教育丛书 |
| 308 | @a丛书第四批 | |
| 330 | @a本书包括:弗洛伊德的趣味和他的艺术观的背景;弗洛伊德和艺术家;弗洛伊德的艺术理论;弗洛伊德对艺术、文学和批评的影响等四章内容。 | |
| 461 | 0 | @12001 @a美学·设计·艺术教育丛书 |
| 510 | 1 | @aAesthetics of Freud@ea study in psychoanalysis and art@zeng |
| 517 | 1 | @a艺术研究中的精神分析法@9yi shu yan jiu zhong de jing shen fen xi fa |
| 600 | 0 | @a弗洛伊德@c(Freud, Sigmmund@f1856~1939)@x精神分析@x艺术美@x研究 |
| 600 | 0 | @a弗洛伊德@c(Freud, Sigmmund@f1856~1939) |
| 606 | 0 | @a精神分析 |
| 606 | 0 | @a艺术美 |
| 690 | @aB83-069@v5 | |
| 701 | 0 | @c(美)@a斯佩克特@9si pei ke te@4著 |
| 702 | 0 | @a高建平@9gao jian ping@f(1955~)@4译 |
| 801 | 0 | @aCN@bTSSF@c20150120 |
| 905 | @aZUCC@dB83-069@eJY2 | |
| 弗洛伊德的美学:艺术研究中的精神分析法=The aesthetics of Freud:a study in psychoanalysis and art/(美)斯佩克特(Jack J. Spector)著/高建平译.-成都:四川人民出版社,2006 |
| 309页:图;21cm.-(美学·设计·艺术教育丛书) |
| ISBN 7-220-07109-4:CNY23.00 |
| 本书包括:弗洛伊德的趣味和他的艺术观的背景;弗洛伊德和艺术家;弗洛伊德的艺术理论;弗洛伊德对艺术、文学和批评的影响等四章内容。 |
| ● |
| 相关链接 |
|
|
|
|
正题名:弗洛伊德的美学
索取号:B83-069/JY2
 
预约/预借
| 序号 | 登录号 | 条形码 | 馆藏地/架位号 | 状态 | 备注 |
| 1 | 7836497 | 278364976 | 学院路分馆/ [索取号:B83-069/JY2] | 在馆 | |
| 2 | 7841284 | 278412843 | 学院路分馆/ [索取号:B83-069/JY2] | 在馆 |